F1 Race Results 2022: Bahrain - Statistics

General Stats
  • This quiz has been taken 108 times
  • The average score is 19 of 20
Answer Stats
Place Answer % Correct
P3 Lewis Hamilton
100%
P4 George Russell
99%
DNF Pierre Gasly
99%
P2 Carlos Sainz Jr.
97%
P1 Charles Leclerc
97%
P9 Fernando Alonso
97%
P19 Max Verstappen
97%
P7 Esteban Ocon
96%
P15 Lando Norris
96%
P18 Sergio Pérez
96%
P5 Kevin Magnussen
95%
P12 Lance Stroll
95%
P11 Mick Schumacher
95%
P14 Daniel Ricciardo
93%
P6 Valtteri Bottas
93%
P13 Alexander Albon
92%
P8 Yuki Tsunoda
92%
P10 Guanyu Zhou
88%
P16 Nicholas Latifi
87%
P17 Nico Hülkenberg
86%
No matching quizzes found
Score Distribution
Percent of People with Each Score
Percentile by Number Answered
Your Score History
You have not taken this quiz